| 000 | 00000nam 2200000zi 4500 |
| 001 | 9.945371 |
| 003 | CaOODSP |
| 005 | 20241120140552 |
| 006 | m o d f |
| 007 | cr bn||||||||| |
| 008 | 241120e198510##oncad ob f000 0 eng d |
| 040 | |aCaOODSP|beng|erda|cCaOODSP |
| 043 | |an-cn--- |
| 086 | 1 |aCo24-3/1-85-053E-PDF |
| 245 | 03|aAn assessment of current and future TV technology and its impact on Canada. |
| 264 | 1|aOttawa, Canada : |bDepartment of Communications, Space Program, |cOctober, 1985. |
| 300 | |a1 online resource (1 volume (various pagings)) : |billustrations, graphs. |
| 336 | |atext|btxt|2rdacontent |
| 337 | |acomputer|bc|2rdamedia |
| 338 | |aonline resource|bcr|2rdacarrier |
| 490 | 1 |aDOC contractor report ; |vDOC-CR-SP-85-053 |
| 500 | |a"Unclassified." |
| 500 | |a"Department of Supply and Services Contract no: 12 ST - 36100-4-4033." |
| 500 | |aDigitized copy from print [produced by Innovation, Science and Economic Development Canada]. |
| 504 | |aIncludes bibliographical references. |
| 650 | 0|aTechnology assessment|zCanada. |
| 650 | 0|aTelevision broadcasting|xGovernment policy|zCanada. |
| 650 | 6|aTechnologie|xÉvaluation|zCanada. |
| 650 | 6|aTélévision|xPolitique gouvernementale|zCanada. |
| 710 | 1 |aCanada. |bDepartment of Communications. |bSpace Program, |eissuing body. |
| 710 | 2 |aNGL Nordicity Group Ltd., |econsultant. |
| 830 | #0|aDOC contractor report (Canada. Department of Communications)|vDOC-CR-SP-85-053.|w(CaOODSP)9.869864 |
| 856 | 40|qPDF|s6.14 MB|uhttps://publications.gc.ca/collections/collection_2024/isde-ised/Co24-3-1-85-053-eng.pdf |